[Event "IND-ch U15 Girls"]
[Site "Thrissur"]
[Date "2014.08.05"]
[Round "3"]
[White "Tejaswini, Sagar"]
[Black "Shinjini, Sengupta"]
[Result "1-0"]
[WhiteElo "1972"]
[BlackElo "1522"]
[PlyCount "56"]
[EventDate "2014.08.04"]
[EventType "swiss"]
[EventRounds "11"]
[EventCountry "IND"]
[SourceTitle "CBM 162 Extra"]
[Source "ChessBase"]
[SourceDate "2014.10.17"]
[SourceVersion "1"]
[SourceVersionDate "2014.10.17"]
[SourceQuality "1"]

1. e4 e6 2. d4 d5 3. Nd2 Nf6 4. e5 Nfd7 5. Bd3 c5 6. c3 Nc6 7. Ne2 Qb6 8. Nf3 cxd4 9. cxd4 f6 10. exf6 Nxf6 11. 0-0 Bd6 12. b3 0-0 13. Bf4 Bxf4 14. Nxf4 Bd7 15. Re1 Kh8 16. Nxe6 Rfe8 17. Neg5 Rxe1+ 18. Qxe1 Nxd4 19. Nxd4 Qxd4 20. Rd1 Qb6 21. Qd2 Rc8 22. h3 Kg8 23. Bxh7+ Kh8 24. Bg6 Be8 25. Bf5 Ra8 26. Qf4 Ng8 27. Rxd5 Qc6 28. Rd6 Qc7 1-0